Diccionario del automóvil / (Record no. 76289)

MARC details
000 -LEADER
campo de control de longitud fija 00512nam a2200157 i 4500
001 - NÚMERO DE CONTROL
campo de control 76289
003 - IDENTIFICADOR DE NÚMERO DE CONTROL
campo de control ES-MaACL
007 - CAMPO FIJO DE DESCRIPCIÓN FÍSICA--INFORMACIÓN GENERAL
campo de control de longitud fija t|
008 - DATOS DE LONGITUD FIJA--INFORMACIÓN GENERAL
campo de control de longitud fija 040930s1954 sp ||||1| spa d
100 1# - ENTRADA PRINCIPAL--NOMBRE DE PERSONA
Nombre de persona Guerber, Roger.
9 (RLIN) 60452
245 10 - MENCIÓN DEL TÍTULO
Título Diccionario del automóvil /
Mención de responsabilidad, etc. Roger Guerber ; traducción del francés por Antonio Armangué.
260 ## - PUBLICACIÓN, DISTRIBUCIÓN, ETC.
Lugar de publicación, distribución, etc. Barcelona :
Nombre del editor, distribuidor, etc. Gustavo Gili,
Fecha de publicación, distribución, etc. 1954 (
Fabricante Imp. Elzeviriana)
300 ## - DESCRIPCIÓN FÍSICA
Extensión 207 p. :
Otras características físicas il. ;
Dimensiones 22 cm.
700 1# - ENTRADA AGREGADA--NOMBRE PERSONAL
Nombre de persona Armangué, Antonio.
9 (RLIN) 22914
852 ## - LOCALIZACIÓN
Ubicación ES-MaACL
Número de control de estantería C-7280
Sublocalización o colección R.36017
Holdings
Estatus retirado Estado de pérdida Estado de daño No para préstamo Colección Biblioteca de origen Biblioteca actual Ubicación en estantería Fecha de adquisición Fuente de adquisición Total de préstamos Signatura topográfica completa Código de barras Visto por última vez Precio de reemplazo Tipo de ítem Koha
        Colección de referencia Biblioteca del Ateneo de Madrid Biblioteca del Ateneo de Madrid Sala Palomar 17/01/2008     C-7280 1079839 23/02/2023 23/02/2023 Libro impreso